000 00840cam a22002291i 4500
003 SA-RiAUC
005 20250223051903.0
008 250219q19001999||| g 000 0cara c
040 _aEG-CaDAJ
_bara
_cSA-RiAUC
_erda
082 0 4 _a922.58
090 _a922.58
_bج ي و
100 1 _aالجيوشي، محمد إبراهيم
_eمؤلف.
245 1 0 _aأعلام القضاء في الإسلام /
_cمحمد إبراهيم الجيوشي.
264 1 _a[مكان النشر غير محدد] :
_bدار النهضة العربية،
_c[بين 1900 و1999]
300 _a214 صفحة
336 _aنص
_btxt
_2rdacontent
_3كتاب
337 _aبدون وسيط
_bn
_2rdamedia
338 _aمجلد
_bnc
_2rdacarrier
650 7 _aالقضاة
_vتراجم
_2aucsh
942 _2ddc
_cBOOK
_n0
949 _aSA-JeALM
_d250219
_umohamedma123
_n1
999 _c6165
_d6165